000 00906nam a2200229 a 4500
003 AM-YEHGA
005 20260123115046.0
008 040322s1939 fr r 000 0 arm d
040 _aAM-YEHGA
041 1 _aarm
100 1 _aMagie, David
245 1 0 _aՀռոմէական քաղաքականութեան նպատակը Հայաստանի եւ Անդրկովկասի մէջ /
_cDavid Magie; Թարգմ.՝ Հ. Պէրպէրեան.
260 _aՓարիզ :
_bտպ. Խ. Մաթիկեան,
_c1939.
300 _a14 էջ ;
_c24 սմ.
500 _a(Արտատպուած Ապագայէն); Սյունակագիր
504 _aԾանոթագր.՝ էջ 13-14 հայ. և օտար լեզ.
650 1 4 _aՊատմություն
_zՀռոմ
650 1 4 _aՀայ-հռոմեական հարաբերություններ
700 1 _aՊէրպէրեան, Հ.
_eթարգմ.
_4trl
942 _2udc
_cBK
001 263785
999 _c539269
_d539269